=LDR 00000nam 2200000 4500 =001 INLIS000000000036823 =005 20130612142603 =008 ***********************************Ind** =035 ##$$0010-061300000036823 =041 ##$$a Ind =082 ##$$a 633.88 =090 ##$$a 633.88, Pid =100 ##$$a Hargono, Djoko =245 ##$$a Pemanfaatan Tanaman Obat :Untuk Kesehatan Keluarga =260 ##$$a 1995 $b Jakarta =300 ##$$a 75 hlm =850 ##$$a NBPNMAT =990 ##$$a 16681668 =990 ##$$a 00093080 =990 ##$$a 01201901668